| 000 | 00350nam a22001457a 4500 | ||
|---|---|---|---|
| 008 | 230324b ||||| |||| 00| 0 eng d | ||
| 020 | _a055338290 | ||
| 041 | _aeng | ||
| 080 |
_2REVISED EDITION _a616.53 |
||
| 082 | _a616.53SHEL | ||
| 100 | _a14 | ||
| 101 | _aPEDI | ||
| 245 |
_aCARING FOR YOUR BABY AND YOUNG CHILD _cSHELOV.P.S |
||
| 942 |
_2udc _cBK |
||
| 999 |
_c59435 _d59435 |
||